Państwa graniczące z Czechosłowacją - Statystyki

Ogólne statystyki
  • Ten quiz został rozwiązany 62 razy
  • Średni wynik to 5 z 6
Statystyki odpowiedzi
Graniczyły Odpowiedź % Poprawnych
6 Polska
100%
5 Węgry
91%
4 Austria
89%
1 ZSRR
83%
2 NRD
78%
3 RFN
63%
Nie znaleziono quizów pasujących do podanych kryteriów
Rozkład punktacji
Procent ludzi z każdym wynikiem
Percentyl według liczby udzielonych odpowiedzi
Twoja historia wyników
Nie rozwiązałeś tego quizu